| 000 | 03116cam a2200373 i 4500 | ||
|---|---|---|---|
| 999 |
_c10166 _d10166 |
||
| 001 | 948561917 | ||
| 003 | OCoLC | ||
| 005 | 20241126110726.0 | ||
| 008 | 160827s2016 ilu b 001 0 eng | ||
| 010 | _a2016039595 | ||
| 020 |
_a9780830851492 _q(pbk. ; _qalk. paper) |
||
| 020 |
_a0830851496 _q(pbk. ; _qalk. paper) |
||
| 035 |
_a(OCoLC)948561917 _z(OCoLC)948547897 |
||
| 040 |
_aDLC _beng _erda _cDLC _dBTCTA _dBDX _dYDXCP _dOCLCF _dSPB _dGGB _dIGA _dOCLCO _dOCLCQ |
||
| 042 | _apcc | ||
| 050 | 0 | 0 |
_aBL265.P4 _bB87 2016 |
| 082 | 0 | 0 |
_a261.55 _223 _bBUS |
| 092 |
_a261.55 _bB96s |
||
| 100 | 1 |
_aBussey, Peter, _d1945- _0https://id.loc.gov/authorities/names/n2016046769 _eauthor. _917643 |
|
| 245 | 1 | 0 |
_aSignposts to God : _bhow modern physics & astronomy point the way to belief / _cPeter Bussey. |
| 264 | 1 |
_aDowners Grove : _bInterVarsity Press, _c[2016] |
|
| 300 |
_a222 pages ; _c22 cm |
||
| 336 |
_atext _btxt _2rdacontent |
||
| 337 |
_aunmediated _bn _2rdamedia |
||
| 338 |
_avolume _bnc _2rdacarrier |
||
| 504 | _aIncludes bibliographical references and index. | ||
| 505 | 0 | _aThe world of physics: a quick tour -- Revolutions in physics -- Laws of nature and of physics -- Dangerous infinities? -- Modern astronomy: where has God gone? -- The human-friendly universe -- Implications of a universe fine-tuned for us -- God as first cause: an argument that seems to hold -- Explanations and evidence -- Mental reality -- Mystery and ignorance -- Beyond physicalism. | |
| 520 | _a"The heavens declare the glory of God" (Ps 19:1). Can we still sing the words of the Psalmist in an age where scientists talk about an expanding cosmos, the Higgs boson, and the multiverse? In Signposts to God particle physicist Peter Bussey introduces readers to the mysteries of modern physics and astronomy. Written in clear, accessible prose, Bussey provides a primer on topics such as the laws of nature, quantum physics, fine-tuning, and current cosmological models. He shows that despite the remarkable achievements of science, the latest research in these fields does not lead to simple physicalism in which physical processes are able to explain everything that exists. Bussey argues that, far from ruling out a divine Creator, modern physics and astronomy present us with compelling signposts to God. The more we know about the cosmos and our presence in it, the more plausible belief in God becomes. We can be intellectually satisfied in both science and the Christian faith. Written by someone who has worked for years in scientific research, Signposts to God is a timely and winsome response to a cultural stalemate. - back of book. | ||
| 650 | 0 |
_aPhysics _xReligious aspects _xChristianity. _0https://id.loc.gov/authorities/subjects/sh2010106355 _917644 |
|
| 650 | 0 |
_aAstronomy _xReligious aspects _xChristianity. _0https://id.loc.gov/authorities/subjects/sh2019001278 _917645 |
|
| 650 | 0 |
_aGod _xProof. _0https://id.loc.gov/authorities/subjects/sh85055549 _96063 |
|
| 776 | 0 | 8 |
_iOnline version: _aBussey, Peter, 1945- _tSignposts to God. _dDowners Grove : InterVarsity Press, 2016 _z9780830873074 _w(DLC) 2016042374. |
| 942 |
_2ddc _cBK |
||